000
00402nam a22001697a 4500
003
MPLRDC
005
20220104123649.0
008
210129b ||||| |||| 00| 0 eng d
082
_a
411.77 JTYL
100
_a
不详
245
_a
睡眠新法
_c
260
_a
_b
文翔图书公司
_c
1983
300
_b
平
490
_a
家庭医疗常识系列. 6
650
_a
睡眠
942
_c
BK
_o
411.77 JTYL
999
_c
13209
_d
13199